| 000 | 01035nam a2200241Ia 4500 | ||
|---|---|---|---|
| 003 | OSt | ||
| 005 | 20200824152041.0 | ||
| 008 | 191128s1995 ck a gr 000 0 spa d | ||
| 020 | _a9586081184 | ||
| 040 |
_aCo-JMCR _cCo-JMCR |
||
| 041 | 0 | _aspa | |
| 082 | 0 | 4 |
_a368.42 / _bF319f _223 |
| 110 | 2 |
_aColombia. Fedesarrollo _99125 |
|
| 245 | 1 | 4 |
_aLas formas de Contratación entre Prestadoras y Administradoras de Salud : _b sus Perspectivas en el Nuevo Marco de la Seguridad Social / _cFedesarrollo |
| 250 | _aPrimera edición | ||
| 260 |
_aBogotá : _bFundación Corona, _c1995. |
||
| 300 |
_a116 páginas : _bdiagramas a blanco y negro ; _c24 cm. |
||
| 504 | _aBibliografía : páginas 115-116. | ||
| 505 | 0 | _aLas distintas formas de contratación entre empresas administradoras y las empresas prestadoras de servicios -- Factores que inciden sobre el funcionamiento de los sistemas de contratación -- Las formas de contratación | |
| 650 | 0 | 4 |
_aContratación _99126 |
| 650 | 0 | 4 |
_aSistemas de contratación _99127 |
| 942 |
_2ddc _cBK |
||
| 999 |
_c6056 _d6056 |
||